| 000 | 00847nam a2200241Ia 4500 | ||
|---|---|---|---|
| 008 | 130821s1973 ag gr spa | ||
| 020 | _a9505180446 | ||
| 040 |
_aCo-BoUCM _bspa |
||
| 041 | _aspa | ||
| 100 | 1 |
_aWeber, Max _d1864-1920 _946242 |
|
| 245 | 1 | 0 |
_aEnsayos sobre metodología sociológica _cMax Weber ; traducción José Luis Echeverry |
| 260 |
_aBuenos Aires (Argentina) _b[Editorial desconocida] _c1973 |
||
| 300 | _a269 páginas | ||
| 500 | _aTítulo original : Gesammelte Aufratze zur Wissenschafslebre.-- Incluye índice | ||
| 650 | 0 | 4 |
_aCiencias sociales _910815 |
| 650 | 0 | 4 |
_aCultura _912390 |
| 650 | 0 | 4 |
_aEconomía _9174 |
| 650 | 0 | 4 |
_aPolítica social _922021 |
| 650 | 0 | 4 |
_aSociología _9386 |
| 700 |
_aEcheverry, José Luis. _eTr _9126003 |
||
| 942 |
_cLIBRO _a5 _e1 _mW31E _2DEWEY _h301 |
||
| 999 |
_c19783 _d19783 |
||